000 00472nam a2200157Ia 4500
008 160316s1969 xxu||||| |||| 00| 0 eng d
082 _a341.243000
_bCOC
100 _aCochrane James D
245 _aThe politics of regional integration : The Central American case
250 _a
260 _aThe Hague
_bTulane University
_c1969
300 _a225p.
_b20 cm
_cx
365 _bGratis
650 _a1.Regional Integration - Economic - Integration - Politics
700 _a
_a
999 _c3950
_d3950